| 000 | 00355nam a2200145Ia 4500 | ||
|---|---|---|---|
| 008 | 210210b1966 xxu||||| |||| 00| 0 eng d | ||
| 082 | _a514 HUSI | ||
| 100 | _aHU (Sze-Tsen). | ||
| 245 | _aIntroduction to general topology. | ||
| 260 |
_aLondon _bHolden-Day _c1966 |
||
| 300 | _a230 | ||
| 650 | _aGeneral topology | ||
| 690 | _aTopology | ||
| 906 | _a042327 | ||
| 999 |
_c91937 _d91937 |
||